000 00447cam a2200169ua 4500
003 OSt
008 250315b |||||||| |||| 00| 0 eng d
041 _amal
082 _a621.9
_bWOR/VA
100 _aVasudevan Nair, M K .
_97297
245 _aWorkshop technology, Vol 1 /
250 _a1 /
260 _aThiruvananthapuram :
_bState Instititute of Languages ,
_c1975.
300 _a258 ; .
700 1 _aDevidas, P V .
_97298
942 _cBK
999 _c10942
_d10942